LEADER 00916nam0 2200265 4500 001 000028378 005 20110926165421.0 010 $a0471117094 100 $a20110926d1996----km-y0itay50------ba 101 0 $aeng 102 $aUS 105 $ay-------001yy 200 1 $aApplied cryptography$eprotocols, algorithms, and source code in C$fBruce Schneier 205 $a2. ed 210 $aNew York$cJohn Wiley & Sons$dİ1996 215 $aXXIII, 758 p.$ctab.$d24 cm 500 10$aApplied cryptography : protocols, algorithms, and source code in C$942027 606 1 $aCrittografia 676 $a005.82$v20$9Cifraggio dei dati 700 1$aSchneier,$bBruce$4070$060872 801 0$aIT$bUNIPARTHENOPE$c20110926$gRICA$2UNIMARC 912 $a000028378 951 $aP1 005-A/9$b43164$cPIST$d2011 996 $aApplied cryptography : protocols, algorithms, and source code in C$942027 997 $aUNIPARTHENOPE LEADER 02631nam 2200661 450 001 9910558689703321 005 20220822183845.0 010 $a3-631-86676-3 035 $a(MiAaPQ)EBC6819822 035 $a(Au-PeEL)EBL6819822 035 $a(CKB)19968784500041 035 $a(oapen)https://directory.doabooks.org/handle/20.500.12854/80800 035 $a(EXLCZ)9919968784500041 100 $a20220822d2022 uy 0 101 0 $aeng 135 $aurcnu|||||||| 181 $ctxt$2rdacontent 182 $cc$2rdamedia 183 $acr$2rdacarrier 200 10$aTheory of provocation $ein light of political science /$fMiros?aw Karwat ; translated by Miko?aj Golubiewski 210 $aBern$cPeter Lang International Academic Publishing Group$d2022 210 1$aBerlin :$cPeter Lang,$d[2022] 210 4$dİ2022 215 $a1 online resource (378 pages) 225 1 $aStudies in politics, security and society ;$vVolume 44 311 08$aPrint version: Karwat, Miroslaw Theory of Provocation Frankfurt a.M. : Peter Lang GmbH, Internationaler Verlag der Wissenschaften,c2021 9783631869970 320 $aIncludes bibliographical references. 327 $aIntroduction -- Part 1. What is Provocation? -- Part 2. The Subtlety and Complexity of Provocation Acts -- Part 3. Provocation as a Tool in Politics -- Part 4. Syndromatic Brutal Provocations -- Postscriptum. 330 $aProvocation is a peculiar, manipulating form of political influence. It involves artificial triggering of events, attitudes and human behaviours and one-sided determination of disputable issues requiring agreement. The author presents real-world examples to illuminate the various intricacies of this concept, its applications, aims, and much more. 410 0$aStudies in politics, security and society ;$vVolume 44. 606 $aInfluence (Psychology) 606 $aPolitical participation 610 $achallenge 610 $adeception 610 $aKarwat 610 $aLight 610 $amanipulation 610 $aMiros?aw 610 $aperpetrator 610 $aPolitical 610 $aProvocation 610 $aScience 610 $aseduction 610 $aStanislaw 610 $aSulowski 610 $aTheory 615 0$aInfluence (Psychology) 615 0$aPolitical participation. 676 $a153.852 700 $aKarwat$b Miros?aw$01253909 702 $aGolubiewski$b Miko?aj$f1985- 801 0$bMiAaPQ 801 1$bMiAaPQ 801 2$bMiAaPQ 906 $aBOOK 912 $a9910558689703321 996 $aTheory of provocation$92907724 997 $aUNINA